Wyoming Counties by Population - Statistics

General Stats
  • This quiz has been taken 16 times
  • The average score is 20 of 23
Answer Stats
Population County % Correct
100,984 Laramie
100%
12,018 Big Horn
91%
47,498 Campbell
91%
14,334 Carbon
91%
39,815 Fremont
91%
12,642 Goshen
91%
4,661 Hot Springs
91%
20,880 Lincoln
91%
79,941 Natrona
91%
30,735 Park
91%
8,546 Platte
91%
32,519 Sheridan
91%
41,249 Sweetwater
91%
23,232 Teton
91%
20,745 Uinta
91%
6,808 Weston
91%
38,257 Albany
82%
13,809 Converse
82%
7,592 Crook
82%
8,759 Johnson
82%
2,354 Niobrara
82%
8,969 Sublette
82%
7,710 Washakie
82%
No matching quizzes found
Score Distribution
Percent of People with Each Score
Percentile by Number Answered
Your Score History
You have not taken this quiz